Dobré správy pre víťazov kreatívnych súťaží: kreatívna reklama naozaj predáva Festival v Cannes
Informácie sprístupňujúce názory svetových tvorcov na kreativitu v reklame ako ich zaznamenali pracovníci spoločnosti Monarch, a.s. Bratislava v Cannes v júni 1994 na festivale reklamy. Slovensko v Cannes.
Salvato in:
| Autore principale: | |
|---|---|
| Natura: | Capitolo di libro |
| Lingua: | slovacco |
| Soggetti: | |
| Tags: |
Nessun Tag, puoi essere il primo ad aggiungerne!!
|
MARC
| LEADER | 00000naa a2200000 4500 | ||
|---|---|---|---|
| 001 | r016048 | ||
| 005 | 20221213114419.0 | ||
| 041 | 0 | |a slo | |
| 044 | |a SK | ||
| 245 | 1 | 0 | |a Dobré správy pre víťazov kreatívnych súťaží: kreatívna reklama naozaj predáva |b Festival v Cannes |c M. Lechnický |
| 520 | |a Informácie sprístupňujúce názory svetových tvorcov na kreativitu v reklame ako ich zaznamenali pracovníci spoločnosti Monarch, a.s. Bratislava v Cannes v júni 1994 na festivale reklamy. Slovensko v Cannes. | ||
| 610 | 2 | 0 | |a reklama |
| 610 | 2 | 0 | |a práca tvorivá |
| 610 | 2 | 0 | |a Cannes |
| 610 | 2 | 0 | |a 1994 |
| 610 | 2 | 0 | |a jún |
| 610 | 2 | 0 | |a Monarch, a.s. Bratislava |
| 100 | 1 | |a Lechnický, Milan | |